000 00733nam a2200253 a 4500
001 000023573
005 20200930022323.0
008 101214s1968 sp 001 e spa d
040 _aDO-SdBNP
_bspa
_cBNPHU
082 _a864.62
_bU54vie, 1968
100 1 _aUnamuno, Miguel de,
_d1864-1936
_96254
245 1 0 _aViejos y jóvenes /
_cMiguel de Unamuno.
250 _a5a ed.
260 _aMadrid :
_bEspasa-Calpe,
_c1968.
300 _a167 p. ;
_c18 cm.
490 1 _aAustral
_v478
500 _aIncluye índice de autores.
500 _aIncluye notas al pie de las páginas.
650 4 _aEnsayos españoles
_93095
650 4 _aLiteratura española
_9632
830 0 _aAustral ;
_n478
_948593
910 _aWM
049 _aBNGR
999 _c23069
_d23069